000 00664nam a2200241Ia 4500
003 OSt
005 20220918172702.0
006 a|||||r|||| 00| 0
007 ta
008 220917b |||||||| |||| 00| 0 eng d
024 _a2,233
037 _cTextual
040 _aARTS
_cARTS
_beng
041 _2eng
_aeng
082 _aO111,1x, J9
100 _aVishwanath
_942704
245 0 _aTemple Carvers and other poems
_b A caravan anthology
260 _aNew Delhi
_bpress India
_c1959
300 _a96 p.
_ccm.
650 _aENGLISH POETRY; ENGLISH LITERATURE
_97708
942 _hO111,1x, J9
_cTEXL
_2CC
999 _c145118
_d145118